| 000 | 00466nam a22001457a 4500 | ||
|---|---|---|---|
| 999 |
_c14980 _d14980 |
||
| 008 | 200204b ||||| |||| 00| 0 eng d | ||
| 022 | _a00116009 | ||
| 082 | _aDPer 792.805 D19 Mar-Aug 2016 v.90, n.3-8 | ||
| 100 |
_aHolmes, Kathryn. _933141 |
||
| 245 |
_aFuel the fire/ _cKathryn Holmes. |
||
| 260 |
_aNew York: _bDance Media, _c©Mar 2016 - Aug 2016. |
||
| 300 |
_av90 n4, page 48. _bcolor illustrations; _c25 cm. |
||
| 650 |
_aFood _xMeals _941574 |
||
| 942 |
_2ddc _cPER |
||